Ako znížiť tlak na ceny ?
Cenová politika spoločnosti Tesco. Trvalo nízke ceny. Hranica znižovania cien.
Salvato in:
| Autore principale: | |
|---|---|
| Natura: | Capitolo di libro |
| Lingua: | slovacco |
| Soggetti: | |
| Tags: |
Nessun Tag, puoi essere il primo ad aggiungerne!!
|
MARC
| LEADER | 00000naa$a2200000$$$4500 | ||
|---|---|---|---|
| 001 | 0007420 | ||
| 005 | 20231107125134.5 | ||
| 041 | 0 | |a slo | |
| 044 | |a SK | ||
| 245 | 1 | 0 | |a Ako znížiť tlak na ceny ? |c aut. Andrea Hinková-Dibarborová |
| 520 | |a Cenová politika spoločnosti Tesco. Trvalo nízke ceny. Hranica znižovania cien. | ||
| 610 | 2 | 0 | |a ceny |
| 610 | 2 | 0 | |a reťazce obchodné |
| 610 | 2 | 0 | |a Slovensko |
| 100 | 1 | |a Hinková-Dibarborová, Andrea | |